| 000 | 00377nam a22001457a 4500 | ||
|---|---|---|---|
| 003 | SGT | ||
| 020 | _a9789387963726 | ||
| 082 |
_a610.7367 _bB19S |
||
| 100 | _aSHARMA, SURESH K. | ||
| 245 | _aBRUNNER & SUDDARTH'S TB. OF MEDICAL SURGICAL NURSING-II | ||
| 260 |
_aINDIA _bWOLTERS KLUWER PUB _c2019 |
||
| 300 | _a2186 | ||
| 650 | _aMEDICALL SURGICAL NURSING | ||
| 942 |
_2ddc _cBK _02 |
||
| 999 |
_c21973 _d21973 |
||